Countries With The "Weirdest" Names - Statistics

General Stats
  • This quiz has been taken 257 times
  • The average score is 2 of 10
Answer Stats
Hint Answer % Correct
2. Azerbaijan
67%
8. Kyrgyzstan
56%
1. Djibouti
27%
6. Zimbabwe
23%
5. Burkina Faso
21%
3. Niger
16%
9. Belarus
9%
10. Pakistan
8%
4. Singapore
7%
7. Uganda
6%
No matching quizzes found
Score Distribution
Percent of People with Each Score
Percentile by Number Answered
Your Score History
You have not taken this quiz